Statistics for Queen Latifah Filmography

Click here to take the quiz!

General Stats

  • This quiz has been taken 23 times
    (5 since last reset)
  • The average score is 8 of 150

Answer Stats

TypeYearName% Correct
TV Show2003, 2004, 2008Saturday Night Live
60%
Film2002Chicago
40%
Film | Video Game2006Ice Age 2: The Meltdown
40%
Film | Video Game2009Ice Age 3: Dawn of the Dinosaurs
40%
TV Show1999-2001 | 2013-2015The Queen Latifah Show
40%
Award Show200547th Annual Grammy Awards
20%
Film2004Barbershop 2: Back in Business
20%
Film2005Beauty Shop
20%
TV Film2015Bessie
20%
Film2003Bringing Down the House
20%
Film1999Bringing Out the Dead
20%
Film2022End of the Road
20%
Film2007Hairspray
20%
Web Mini-Series2020Hollywood
20%
Film2022Hustle
20%
Film2012Ice Age 4: Continental Drift
20%
Film2016Ice Age 5: Collision Course
20%
TV Short2011Ice Age: A Mammoth Christmas
20%
TV Short2016Ice Age: The Great Egg-Scapade
20%
Film1991Jungle Fever
20%
TV Show1993-1998Living Single
20%
TV Mini-Series1998Mama Flora's Family
20%
Film1996Set It Off
20%
TV Film2012Steel Magnolias
20%
TV Show1991The Fresh Prince of Bel-Air
20%
TV Special2019The Little Mermaid Live!
20%
Award Show20032003 Vibe Awards
0%
Award Show20142014 Hollywood Film Awards
0%
Film201422 Jump Street
0%
Award Show19962nd Annual Soul Train Lady of Soul Awards
0%
TV Show201030 Rock
0%
Award Show202354th NAACP Image Awards
0%
Documentary Series200460 Minutes
0%
TV Documentary20037 Days Left...: Queen Latifah Goes to Hollywood's Biggest Night
0%
TV Show1994ABC Afterschool Specials
0%
TV Show2009, 2010American Idol
0%
TV Show2011, 2019America's Got Talent
0%
TV Show2006America's Next Top Model
0%
TV Documentary1994Apollo Theatre Hall of Fame
0%
Documentary2007Arctic Tale
0%
Award Show2010BET Awards 2010
0%
TV Show1994Bill Nye the Science Guy
0%
TV Special2018Black Girls Rock!
0%
Film2002Brown Sugar
0%
TV Show2017Carpool Karaoke
0%
TV Documentary2020Change Together: From the March on Washington to Today
0%
Commercial2000Chase
0%
Commercial2018Cigna
0%
Commercial2001-PresentCoverGirl
0%
TV Show2009Dancing with the Stars
0%
TV Show1997Ellen
0%
TV Show2017Empire
0%
TV Show2010Entourage
0%
TV Show2004Eve
0%
Documentary Series2020Finding Your Roots with Henry Louis Gates, Jr.
0%
TV Film2017Flint
0%
Film2017Girls Trip
0%
FilmTBAGirls Trip 2
0%
TV Show1994Hangin' with Mr. Cooper
0%
TV Show2000-2002Hollywood Squares
0%
Film1997Hoodlum
0%
TV Show2014Hot in Cleveland
0%
Film2016House of Bodies
0%
Film1991House Party 2
0%
Video Game2012Ice Age: Continental Drift - Arctic Games
0%
TV Special2017Icon Award Gala Honoring Queen Latifah
0%
TV Show1990, 1991In Living Color
0%
Documentary Series1996, 2001Intimate Portrait
0%
Film2012Joyful Noise
0%
Film1992Juice
0%
Film2010Just Wright
0%
FilmTBAKing of the South
0%
Film2006Last Holiday
0%
TV Show2012Let's Stay Together
0%
TV Film2007Life Support
0%
TV Show2015Lip Sync Battle
0%
Film1998Living Out Loud
0%
TV Film2002Living with the Dead
0%
Short Film2006Lost Historical Films on the Ice Age Period
0%
Film2008Mad Money
0%
TV Show1997, 2006MADtv
0%
Film2002Mama Africa
0%
Commercial2003Marriott
0%
TV Show2018Martha & Snoop's Potluck Dinner Party
0%
Web Mini-Series2021Maya and the Three
0%
Film2016Miracles from Heaven
0%
Film1993My Life
0%
Commercial2014Pantene
0%
FilmTBAPaper Chase
0%
Commercial2022Pfizer / CDC
0%
Film2002Pinocchio
0%
Commercial2003Pizza Hut
0%
Documentary2007Queen Latifah: Unauthorized
0%
TV Documentary1991Racism: Points of View: An MTV News Special Report
0%
TV Show2003Reel Comedy
0%
TV Show1994Roc
0%
TV Show2009Russell Simmons Presents Brave New Voices
0%
TV Show1996Saturday Night Special
0%
Video Game2019Sayonara Wild Hearts
0%
Film2003Scary Movie 3
0%
TV Show1990, 1991, 1993, 2002, 2004Showtime at the Apollo
0%
TV Show2011-2012Single Ladies
0%
TV Documentary2010SOS Saving OurSelves: Help for Haiti
0%
TV Show1994Soul Train
0%
Film1998Sphere
0%
TV Show2001Spin City
0%
TV Show2016-2019Star
0%
Film2006Stranger than Fiction
0%
Commercial2018Strayer University
0%
Documentary2013Street Dogs of South Central
0%
TV Show2008Sweet Blackberry Presents
0%
Film2004Taxi
0%
TV Documentary2012Teach
0%
Award Show1999The 14th Annual IFP/West Independent Spirit Awards
0%
Award Show2001The 15th Annual Soul Train Music Awards
0%
Award Show2003The 17th Annual Soul Train Music Awards
0%
Award Show1995The 22nd Annual American Music Awards
0%
Award Show2007The 33rd Annual People's Choice Awards
0%
Award Show2008The 34th Annual People's Choice Awards
0%
Award Show2009The 35th Annual People's Choice Awards
0%
Award Show2010The 36th Annual People's Choice Awards
0%
Award Show2011The 37th Annual People's Choice Awards
0%
Film1999The Bone Collector
0%
Film2004The Cookout
0%
Film2002The Country Bears
0%
TV Show1995The Critic
0%
Film2011The Dilemma
0%
TV Show2021-PresentThe Equalizer
0%
TV Show2004The Fairly OddParents
0%
TV Film2005The Muppets' Wizard of Oz
0%
Film2007The Perfect Holiday
0%
TV Show2012The Real Housewives of Miami
0%
Film2008The Secret Life of Bees
0%
Film2022The Tiger Rising
0%
TV Show1995The Twisted Tales of Felix the Cat
0%
TV Special2015The Wiz Live!
0%
Commercial1998US Milk Commission
0%
Film2010Valentine's Day
0%
TV Documentary2003VH1 Divas Duets
0%
Commercial2005Walmart
0%
Film2008What Happens in Vegas
0%
TV Show2010When I Was 17
0%
Web Series2020When the Streetlights Go On
0%
Film1993Who's the Man?
0%
TV Show2000Who Wants to Be a Millionaire
0%
Short Film1991Yakety Yak, Take It Back
0%
Short Film2009Zac Efron's Pool Party
0%

Score Distribution

Percentile by Number Answered

Percent of People with Each Score

Your Score History

You have not taken this quiz since the last reset